| 000 | 00386nam a2200133Ia 4500 | ||
|---|---|---|---|
| 999 |
_c22213 _d22213 |
||
| 082 | _aRR 382.03 INT-; | ||
| 245 | 0 | _aThesaurus of international trade terms | |
| 260 |
_aGeneva _bInternational Trade Centre _c1982 |
||
| 300 | _axxi, 165p. | ||
| 650 | _aEncyclopedias and Dictionaries | ||
| 650 | _aInternational Trade - Dictionaries | ||
| 710 | _aInternational Trade Centre | ||
| 942 | _cBK | ||